| 000 | 00000nam 2200000za 4500 |
| 001 | 9.589652 |
| 003 | CaOODSP |
| 005 | 20210624195741 |
| 007 | cr ||||||||||| |
| 008 | 150406s1981 onc|||||o f10| 0 fre d |
| 040 | |aCaOODSP|bfre |
| 041 | |aeng |
| 041 | |afre |
| 043 | |an-cn--- |
| 086 | 1 |aFs97-6/990-PDF |
| 245 | 00|aCompte-rendu des communications du septième atelier annuel sur la toxicité aquatique, le 5 à 7 novembre 1980 Montréal (Québec) |h[ressource électronique] = |bProceedings of the Seventh Annual Aquatic Toxicity Workshop, November 5-7, 1980, Montreal, Quebec / |cÉditeurs N. Bermingham ... [et al.] |
| 260 | |aOttawa : |bPêches et Océans Canada,|c1981. |
| 300 | |a542p.|bfigures, références, tableaux |
| 490 | 1 |aRapport technique canadien des sciences halieutiques et aquatiques|x1488-5379|vN° 990 |
| 500 | |aSur la p. de t. : Direction de la gestion de l'habitat du poisson, Ottawa (Ontario). Le n° de catalogue et l'ISSN de l'édition imprimée apparaissent dans cette version électronique. |
| 590 | |a13-24-Supp|b2013-10-18 |
| 710 | 1 |aCanada. |bMinistère des pêches et des océans. |
| 720 | 1 |aBermingham, N. |
| 791 | |tCompte rendu des communications du septième atelier annuel sur la toxicité aquatique, du 5 au 7 novembre 1980, Montréal (Québec) |eeng|w(CaOODSP)9.589651 |
| 830 | #0|aRapport technique canadien des sciences halieutiques et aquatiques,|x1488-5379|vN° 990|w(CaOODSP)9.500270 |
| 856 | 40|uhttps://publications.gc.ca/collections/collection_2013/mpo-dfo/Fs97-6-990.pdf|qPDF|s16,673 Ko |